000 00847nam a2200229 a 4500
999 _c11678
_d11678
001 11678
003 BD-JhCC
005 20200716130213.0
008 200716b2020 bg |||| ||a| 000 0 ben d
020 _a9789849458739
035 _a(BD-JhCC)11678
040 _aBD-JhCC
_dBD-JhCC
041 _aben
082 _a954
_bTRI 2020
100 _aত্রিপুরা, প্রশান্ত
245 _aঔপনিবেশিকতার ছায়া বাংলাদেশ:
_bএক নৃবিজ্ঞান শিক্ষার্থীর চোখে দেখা স্বদেশের ছবি /
_cপ্রশান্ত ত্রিপুরা ।
260 _aঢাকা:
_bসংবাদ;
_c২০২০.
300 _a232 p. :
_c22 cm.
650 _asubcontinent Color
942 _2ddc
_cBK